000 00470nam a22001697a 4500
003 NUST - PNEC
005 20170116181031.0
008 150919b xxu||||| |||| 00| 0 eng d
020 _a-
040 _cLIBRARY
082 _a791.45 HIL
100 _911077
_aHilliard, Robert L.
245 _aUnderstanding television: An introduction to broadcasting.
_cRobert L. Hilliard
260 _cc.1964
650 _911078
_aTelevision broadcasting
_xMS COM
942 _2ddc
_cBK
999 _c67731
_d67731